| 000 | 00644nam a22001937a 4500 | ||
|---|---|---|---|
| 005 | 20170731162645.0 | ||
| 010 | _aENG-119483 | ||
| 020 |
_c880.00 _a9878184503036 |
||
| 035 | _aEN-103015 | ||
| 037 | _bDBAD/PUB | ||
| 082 | _a379.54 | ||
| 100 | _aChatterjee,Biswajit | ||
| 245 |
_aTrade in services : _cby Biswajit Chatterjee _ba case study of India's higher education sector / |
||
| 260 |
_aNew Delhi _bDeep and Deep Publications _c2011 |
||
| 270 |
_aF-159,Rajouri Garden _bNew Delhi _e110027 |
||
| 300 |
_aix,250p. _c22cm(Hb) |
||
| 500 | _aIncludes bibliographical references and index | ||
| 942 |
_2ddc _cEN _mBIS _h379.54 |
||
| 999 |
_c143007 _d143007 |
||